Investovanie na trhu komodít a reálnych aktív
Saved in:
| Main Author: | |
|---|---|
| Other Authors: | , , , , |
| Format: | Book |
| Language: | Slovak |
| Published: |
Praha
Wolters Kluwer ČR
2018
|
| Edition: | 1. vydanie |
| Subjects: | |
| Tags: |
No Tags, Be the first to tag this record!
|
MARC
| LEADER | 00000nam a2200000 4500 | ||
|---|---|---|---|
| 001 | 0249509 | ||
| 005 | 20240502083711.0 | ||
| 020 | |a 978-80-7598-186-8 | ||
| 020 | |a 978-80-7598-187-5 | ||
| 041 | 0 | |a slo | |
| 044 | |a CZ | ||
| 245 | 1 | 0 | |a Investovanie na trhu komodít a reálnych aktív |c Peter Árendáš, Božena Chovancová, Katarína Gachová, Ľuboš Pavelka ; recenzovali: Peter Baláž, Erika Okruhlicová |
| 250 | |a 1. vydanie | ||
| 264 | 1 | |a Praha |b Wolters Kluwer ČR |c 2018 | |
| 300 | |a [368 s.] [17,62 AH] | ||
| 610 | 2 | 0 | |a trh komoditný |
| 610 | 2 | 0 | |a aktíva |
| 610 | 2 | 0 | |a investovanie |
| 610 | 2 | 0 | |a riziko |
| 610 | 2 | 0 | |a komodity |
| 610 | 2 | 0 | |a burzy komoditné |
| 610 | 2 | 0 | |a deriváty |
| 610 | 2 | 0 | |a forwardy |
| 610 | 2 | 0 | |a futurity |
| 610 | 2 | 0 | |a papiere cenné |
| 610 | 2 | 0 | |a fondy podielové |
| 610 | 2 | 0 | |a produkty |
| 610 | 2 | 0 | |a káva |
| 610 | 2 | 0 | |a hnojivá |
| 610 | 2 | 0 | |a drahokamy |
| 610 | 2 | 0 | |a kovy drahé |
| 610 | 2 | 0 | |a umenie |
| 610 | 2 | 0 | |a tvorba cien |
| 610 | 2 | 0 | |a pôda |
| 610 | 2 | 0 | |a voda |
| 610 | 2 | 0 | |a emisie |
| 610 | 2 | 0 | |a kvóty |
| 610 | 2 | 0 | |a obchod |
| 610 | 2 | 0 | |a Európska únia |
| 100 | 1 | |a Árendáš, Peter, 1986- | |
| 700 | 1 | |a Chovancová, Božena | |
| 700 | 1 | |a Gachová, Katarína, 1977- | |
| 700 | 1 | |a Pavelka, Ľuboš, 1962- | |
| 700 | 1 | |a Baláž, Peter | |
| 700 | 1 | |a Okruhlicová, Erika | |